000
00268nam a22001217a 4500
040
_c
SY
082
_a
979
100
_a
NA
245
_a
ការស៊ើបអង្ដេតវិវាទដីធ្លី
260
_a
RUA
_b
NA
_c
NA
300
_a
35p.
942
_c
KB
999
_c
9907
_d
9907